Computers and Commonsense (Record no. 2634)

MARC details
000 -LEADER
fixed length control field 00418nam a22001817a 4500
005 - DATE AND TIME OF LATEST TRANSACTION
control field 20180201124724.0
008 - FIXED-LENGTH DATA ELEMENTS--GENERAL INFORMATION
fixed length control field 160614b xxu||||| |||| 00| 0 eng d
020 ## - INTERNATIONAL STANDARD BOOK NUMBER
ISBN 81-203-0562-0
041 ## - LANGUAGE CODE
Language code of text/sound track or separate title eng
082 ## - DEWEY DECIMAL CLASSIFICATION NUMBER
Item number 7395
Classification number 004
100 ## - MAIN ENTRY--AUTHOR NAME
Personal name Hunt, Regar & Shelley John
245 ## - TITLE STATEMENT
Title Computers and Commonsense
250 ## - EDITION STATEMENT
Edition statement 4th ed.
260 ## - PUBLICATION, DISTRIBUTION, ETC. (IMPRINT)
Name of publisher PHI
300 ## - PHYSICAL DESCRIPTION
Number of Pages 194
650 ## - SUBJECT ADDED ENTRY--TOPICAL TERM
Topical Term Management
942 ## - ADDED ENTRY ELEMENTS (KOHA)
Koha item type Books
Holdings
Lost status Damaged status Collection code Home library Current library Shelving location Date acquired Source of acquisition Cost, normal purchase price Full call number Accession Number Koha item type
    CS/IT JRU Library JRU Library SHELF-48-F 14/06/2016 PURCHASE 75.00 004 7395 Books